| 000 | 00563nam a2200217Ia 4500 | ||
|---|---|---|---|
| 008 | 140626s9999 xx 000 0 und d | ||
| 100 | _aColmenares, Pinky. | ||
| 245 |
_aCruise control : _b kindness all year road / _cPinky Colmenares. |
||
| 260 | _cc2011. | ||
| 300 | _a13 : 7, page 8 | ||
| 440 | _aCruising | ||
| 521 | _aTOU | ||
| 650 | _aChristmas season. | ||
| 650 | _aCruise control. | ||
| 650 | _aExplorations. | ||
| 650 | _aKindness to strangers. | ||
| 650 | _aPhotography. | ||
| 650 | _aRoad trips. | ||
| 650 | _aSmall towns. | ||
| 942 | _cSE | ||
| 999 |
_c121164 _d121164 |
||